| 000 | 01181cam a2200337 a 4500 | ||
|---|---|---|---|
| 001 | 16053033 | ||
| 003 | SISC | ||
| 005 | 20160715141841.0 | ||
| 008 | 100113s2010 nyu d 000 1 eng | ||
| 010 | _a 2009051257 | ||
| 020 | _a9780316090544 | ||
| 040 |
_aDLC _cDLC _dDLC |
||
| 042 | _alcac | ||
| 050 | 0 | 0 |
_aPZ 7 .W6142 _bMoc 2010 |
| 082 | 0 | 0 | _a[Fic] |
| 100 | 1 | _aWhitney, Daisy. | |
| 245 | 1 | 4 |
_aThe Mockingbirds / _cDaisy Whitney. |
| 250 | _a1st ed. | ||
| 260 |
_aNew York : _bLittle, Brown and Co., _c2010. |
||
| 300 |
_a332 p. ; _c21 cm. |
||
| 520 | _aWhen Alex, a junior at an elite preparatory school, realizes that she may have been the victim of date rape, she confides in her roommates and sister who convince her to seek help from a secret society, the Mockingbirds. | ||
| 650 | 1 |
_aDate rape _vFiction. |
|
| 650 | 1 |
_aSecret societies _vFiction. |
|
| 650 | 1 |
_aJustice _vFiction. |
|
| 650 | 1 |
_aBoarding schools _vFiction. |
|
| 650 | 1 |
_aSchools _vFiction. |
|
| 650 | 1 |
_aSisters _vFiction. |
|
| 906 |
_a7 _bcbc _corignew _d1 _eecip _f20 _gy-gencatlg |
||
| 942 |
_2lcc _cBK |
||
| 999 |
_c297754 _d297754 |
||